Quizzes
Events
Quiz Creation
Community
Videos
Private Events
Remove Ads
Sign In
Join for FREE
Feedback
Dark Mode
Quiz Categories
Sports
Geography
Music
Movies
Television
Just For Fun
Miscellaneous
History
Literature
Language
Science
Gaming
Entertainment
Religion
Holiday
For Kids
Quiz Lab
Recent
Popular Today
Quiz Kudos Today
Editor Picks
Curator Picks
Quizzes by...
Day
Popularity
Type
Ratings
Length
Year
Community
Subscriptions
Recent Discussions
Orange Saloon
Badges
Playlists
Quests
Create
Leaderboards
Showdown
Live 5
Trivia Bingo
Activity
Puzzle Library
Sporcle Events
Private Events
Virtual Trivia
Globe League
Become a Host
Pub Owners
SporcleCon
Opinionation
Our Games
Videos
Blog
Mobile Apps
Partnerships
Remove Ads and Go Orange
Feedback
Geography
Country
Landmarks
City
State
Population
World
Capital
Continent
Flags
Europe
Africa
Asia
South America
North America
Oceania
Border
Canada
United Kingdom
Topography
United States
Geography
Country
Landmarks
City
State
Population
World
Capital
Continent
Flags
Europe
Africa
Asia
South America
North America
Oceania
Border
Canada
United Kingdom
Topography
United States
Random Quiz
Search Sporcle
×
Quiz Lab
Quiz Lab
Geography
Politics
Type in answers that appear in a list
Type in answers that appear in a list
Classic
Best Score? Go Orange.
Europe in 1200 A.D. Stats
Can you name the European Political Entities in the year 1200 AD?
By
amp2006
10m
48 Questions
650 Plays
650 Plays
650 Plays
Comments
Comments
Give Quiz Kudos
Give Quiz Kudos
-
- Ratings
hide this ad
More Info
Random Order
Randomize order of answers
Randomize order of answers
Replay
Link that replays current quiz
Next Quiz
Link to next quiz in quiz playlist
You Got
0%
They Got
Avg Score
33%
Avg Friend Score
Upgrade to see
Score Distribution
Jump to the score distribution portion of the page
Score
0/48
Timer
10:00
0
Plays Today
Entity or Kingdom
% Correct
Kingdom of England
94.2%
Kingdom of Scotland
90.8%
Kingdom of the Franks
89.1%
Kingdom of Sweden
82.2%
Kingdom of Denmark
80.6%
Norwegian States
80.3%
Holy Roman Empire
77.7%
Great Poland
76%
Little Poland
76%
Kingdom of Portugal
72.9%
Papal States
69.4%
Venice (and Dalmatia)
66.2%
Byzantine Empire
64.6%
Kingdom of Hungary
58.9%
Kingdom of Castile
53.4%
Kingdom of Aragon
51.7%
Empire of the Bulgarians and Vlachs
44.2%
San Marino
43.1%
Principality of Kiev
41.7%
Kingdom of Leon
37.8%
Navarre
32%
Republic of Novgorod
28.5%
Principality of Novgorod-Seversk
28.5%
Kingdom of Cyprus
22.3%
Entity or Kingdom
% Correct
Principality of Galicia Volhynia
19.1%
Dominion of Pisa
17.4%
Bosnia
16.5%
Ulster
13.8%
Leinster
13.1%
Connaught
13.1%
Kingdom of Man
10.3%
Principality of Smolensk
8.8%
Lower Silesia
7.7%
Principality of Vladimir-Suzdal
7.2%
Gwynedd
7.1%
Dominion of the Almohades
5.4%
Ragusa
4.8%
Emirate of the Balearic
3.8%
Principality of Chernigov
3.7%
Mazovia
3.2%
Zeta
2.5%
Principality of Tourov-Pinsk
2.3%
Duchy of Pomerelia
2.3%
Rashka
2.2%
Principality of Murom-Riazan
1.5%
Principality of Pereyaslavl
1.4%
Aileach
1.1%
Principality of Polozk
0.6%
Quiz Playlist
Details
Report
Send in Message
Add To Playlist
More Info:
Can you name the countries, kingdoms, and other political entities of Europe in 1200? Comments welcome!
Classic:
Type in answers that appear in a list
Random Order:
Randomize order of answers
Quiz Source
Last Updated: Feb 16, 2017
Quiz Scoreboard
CHALLENGE
Sign Up to Join the Scoreboard
Show All
Scores
Hide
Comments
May contain spoilers
Recently Published
An Introduction to Baseball
by treessimontrees
Sports
5m
Movies - When Are They Set?
by FPL_Elf
Movies
5m
Popular People in 1961
by mucciniale
History
6m
More to Explore
Quiz From the Vault
Featured Blog Post
Where Did the Easter Bunny Come From?
hide this ad
You Might Also Like...
Tags
Europe Quiz
Politics Quiz
Entity
Europe Politics
Kingdom
Today's Top Quizzes in Geography
Browse Geography
hide this ad
Today's Top Quizzes in Politics
Browse Politics
Top Contributed Quizzes in Geography
1
Countries of the World - No Outlines Minefield
2
Top 25 Cities of France on a map
3
Closest Countries to UK A-Z
4
Any capital of a 'B' country per Continent
5
One Thing in Common: United Kingdom
6
Find the Provinces of Canada - No Outlines Minefield
7
Any capital of a 'C' country per Continent
8
Blind Secret Country CLXXXVIII
9
Find the US States - No Outlines
10
Any capital of a 'D' country per Continent
Explore More
Trending Topics
Harry Potter
Marvel
Crossword
Disney
Anime
NBA
Kpop
Soccer
Pokémon
WWE
The Office
Country
Song
Puzzle
NFL
hide this ad
More By:
amp2006
Quiz
Plays
Rating
Category
Featured
Created
Europe in 1800 A.D.
7,034
4.13
Geography
Dec 13, 2009
Europe in 1900 A.D.
3,235
4.35
Geography
Jan 13, 2010
Highest World Roman Catholic Populations
3,065
4.18
Religion
Oct 1, 2009
Ottoman Empire at its Greatest Extent
1,920
4.13
Geography
Dec 9, 2009
Europe in 1700 A.D.
1,715
4.29
Geography
Jan 12, 2010
Go to Creator's Profile
Score Distribution
Quiz Creator Spotlight
amp2006
Follow
Send a Message
Quizzes Created
-
Created Quiz Play Count
-
More By This Creator
Popular Quizzes Today
1
Find the Countries of Europe - No Outlines Minefield
2
Find the US States - No Outlines Minefield
3
The Countries of the World
4
Popular People in 1961
5
US States
6
Find the US States
7
1-10 Letter E Words III
8
Risky Map Clicking: Biggest States A-Z
More Geography Quizzes
Countries and Capitals Crossword 025
Quiz Lab
Trending Quizzes
Risky Map Clicking: Least Populous States A-Z
1-10 Letter F Words
1-10 Letter G Words
One Thing in Common: United Kingdom
Risky Map Clicking: Next State Alphabetically
Recently Updated
Leaping Animals
pecheneg
Reality TV Shows (A-Z)
bhenderson79
Rickey Henderson's Hall of Fame Teammates
pecheneg
Champions League XIs: Arsenal
pecheneg
Quick Pick: Celebrities in WWE's Hall of Fame
aduchscher
A-Z Keypad Blitz II
pecheneg
Multiple Oscar Actors
pecheneg
Mystery Phrase Blitz: Oscar 'Best Actors'
pecheneg
F. Scott Fitzgerald Novels
LTH
Pick 3 Villains
ddd62291
Trending Topics
Marvel
Disney
Crossword
NBA
Anime
Harry Potter
Kpop
Puzzle
Country
WWE
Pokémon
Song
The Office
NFL
Soccer
Your Account Isn't Verified!
In order to create a playlist on Sporcle, you need to verify the email address you used during registration. Go to your
Sporcle Settings
to finish the process.
Report this User
Report this user for behavior that violates our
Community Guidelines
.
Details:
Send Report
Go to the Sporcle.com Mobile Site →
Comments